Catálogo
 En Linea

La isla del Doctor Castro : (Registro nro. 22127)

Detalles MARC
000 -CABECERA
campo de control de longitud fija 00700nam a2200205 a 4500
001 - NÚMERO DE CONTROL
campo de control 000022630
005 - FECHA Y HORA DE LA ÚLTIMA TRANSACCIÓN
campo de control 20200930021715.0
008 - DATOS DE LONGITUD FIJA--INFORMACIÓN GENERAL
campo de control de longitud fija 101014s2000 sp 000 0 spa d
020 ## - NÚMERO INTERNACIONAL ESTÁNDAR DEL LIBRO
ISBN cancelado o inválido 84080405537
040 ## - FUENTE DE LA CATALOGACIÓN
Centro catalogador/agencia de origen DO-SdBNP
Lengua de catalogación spa
Centro/agencia transcriptor BNPHU
082 ## - NÚMERO DE LA CLASIFICACIÓN DECIMAL DEWEY
Número de clasificación xxx
Número de documento/Ítem R864i
049 ## - FONDOS LOCALES (OCLC)
Fondos de biblioteca BNPD
100 1# - ENTRADA PRINCIPAL--NOMBRE DE PERSONA
Nombre de persona Rousseau, Denis
9 (RLIN) 46571
245 13 - MENCIÓN DE TÍTULO
Título La isla del Doctor Castro :
Resto del título la transición secuestrada /
Mención de responsabilidad, etc. Denis Rousseau, Corinne Cumerlato; traducción de Catalina Ginard.
260 ## - PUBLICACIÓN, DISTRIBUCIÓN, ETC.
Lugar de publicación, distribución, etc. Barcelona :
Nombre del editor, distribuidor, etc. Planeta,
Fecha de publicación, distribución, etc. 2000.
300 ## - DESCRIPCIÓN FÍSICA
Extensión 317 p. ;
Dimensiones 23 cm.
500 ## - NOTA GENERAL
Nota general Incluye datos biográficos del autor en la solapa de la cubierta
500 ## - NOTA GENERAL
Nota general Incluye índice onomástico
504 ## - NOTA DE BIBLIOGRAFÍA, ETC.
Nota de bibliografía, etc. Bibliografías [p. 309-310]
Existencias
Estado de retiro Estado de pérdida Restricciones de uso No para préstamo Código de colección Localización permanente Ubicación/localización actual Ubicación en estantería Fecha de adquisición Número de inventario Total de préstamos Signatura topográfica completa Código de barras Fecha visto por última vez Precio válido a partir de Tipo de ítem Koha
      Excluido de préstamo Monografías: Libros y Folletos General General En catalogación 14.10.2010 LF1   xxx R864i 22630-10 25.06.2020 25.06.2020 No se presta

Con tecnología Koha